MARC details
| 000 -CABECERA |
| campo de control de longitud fija |
01178cam a2200289 a 4500 |
| 003 - IDENTIFICADOR DEL NÚMERO DE CONTROL |
| campo de control |
UPN |
| 005 - FECHA Y HORA DE LA ÚLTIMA TRANSACCIÓN |
| campo de control |
20230420184940.0 |
| 008 - ELEMENTOS DE LONGITUD FIJA--INFORMACIÓN GENERAL |
| campo de control de longitud fija |
200129s1990 mx d r 000 0 spa d |
| 020 ## - NÚMERO INTERNACIONAL NORMALIZADO PARA LIBROS |
| Número Internacional Estándar del Libro |
9683613861 |
| 035 ## - NÚMERO DE CONTROL DEL SISTEMA |
| Número de control de sistema |
UPN01000235171 |
| 040 ## - FUENTE DE LA CATALOGACIÓN |
| Centro catalogador/agencia de origen |
MX-MxUPN |
| Lengua de catalogación |
spa |
| 050 #4 - SIGNATURA TOPOGRÁFICA DE LA BIBLIOTECA DEL CONGRESO |
| Número de clasificación |
LE7 M46 |
| Número de documento/Ítem |
D53 1990 |
| 100 1# - ASIENTO PRINCIPAL--NOMBRE PERSONAL |
| Nombre de persona |
Díaz Gutiérrez, Ma. Antonieta |
| Forma completa/desarrollada del nombre |
(María Antonieta) |
| 9 (RLIN) |
42792 |
| 100 1# - ASIENTO PRINCIPAL--NOMBRE PERSONAL |
| Nombre de persona |
Alcántara Manchinelli, Pío |
| 9 (RLIN) |
47453 |
| 100 1# - ASIENTO PRINCIPAL--NOMBRE PERSONAL |
| Nombre de persona |
Vidal Uribe, Rafael |
| 9 (RLIN) |
42755 |
| 245 10 - MENCIÓN DE TÍTULO |
| Título |
Perfil de los alumnos egresados del nivel licenciatura de la UNAM : |
| Resto del título |
2o. reporte (octubre 1988-septiembre 1989) |
| 260 ## - PUBLICACIÓN, DISTRIBUCIÓN, ETC. |
| Lugar de publicación, distribución, etc. |
México : |
| Nombre del editor, distribuidor, etc. |
UNAM, Dirección General de Planeación, Evaluación y Proyectos Académicos , |
| Fecha de publicación, distribución, etc. |
1990. |
| 300 ## - DESCRIPCIÓN FÍSICA |
| Extensión |
127 páginas, 2 hojas plegadas |
| 490 0# - MENCIÓN DE SERIE |
| Mención de serie |
Cuadernos de planeación universitaria ; |
| Designación de volumen o secuencia |
3a. época, año 4 no.3, Julio 1990 |
| 530 ## - NOTA DE FORMATO FÍSICO ADICIONAL DISPONIBLE |
| Nota de formato físico adicional disponible |
También disponible en línea. |
| 610 27 - ASIENTO SECUNDARIO DE MATERIA - NOMBRE CORPORATIVO |
| 9 (RLIN) |
16920 |
| Nombre de entidad corporativa o nombre de jurisdicción como elemento de entrada |
Universidad Nacional Autónoma de México |
| Subdivisión general |
Estudiantes |
| 856 40 - LOCALIZACIÓN Y ACCESO ELECTRÓNICOS |
| Identificador Uniforme del Recurso |
<a href="https://www.planeacion.unam.mx/ee/Publicaciones/pdf/perfiles/egresados/p_eg1989-1990.pdf">https://www.planeacion.unam.mx/ee/Publicaciones/pdf/perfiles/egresados/p_eg1989-1990.pdf</a> |
| 902 ## - ELEMENTOS DE DATOS B LOCAL, LDB (RLIN) |
| Modificó |
VíctorGodínez/200423 |
| 905 ## - TIPO DE MATERIAL |
| Tipo de material |
Libro |
| 942 ## - ELEMENTOS DE PUNTO DE ACCESO ADICIONAL (KOHA) |
| Fuente del sistema de clasificación o colocación |
Library of Congress Classification |
| Tipo de ítem Koha |
Libro |